00795nam a22001697a 4500003000900000008004100009040007100050082002000121110004800141245007700189260003100266300002500297505022100322650003400543650002400577650002400601AR-CdUCM190313b ||||| |||| 00| 0 spa d aMUNICIPALIDAD PROVINCIAL DEL CUSCOcBIBLIOTECA MUNICIPAL DEL CUSCO a342.6185 /bC71 aIlustre colegio de abogados de la libertad aEl foro liberteño y la defensa de las 200 millas del mar territorial / aTrujillo :bMoreno,c1972. a68 paginas ;c21 cm. aContenido : Aspectos básicos de la doctrina peruana sobre el mar territorial -- Fundamento jurídicos de la soberanía marítima del Perú -- Régimen jurídico de los fondos marinos extrajurisdiccionales ... aDerecho marítimo del Perú aHistoria marítima aHistoria del Perú